Southville International School and Colleges
Your cart is empty.
  • Cart
  • Lists
    Public lists Eva Luna New books Lux_list list_1
    Your lists Log in to create your own lists
  • Log in to your account
  • Your cookies
  • Search history
Southville International School and Colleges
  • Advanced search
  • Recent comments
  • Most popular
  • Libraries

Log in to your account

Log in with GOOGLE


If you do not have an external account, but do have a local account, you can still log in:

  1. Home
  2. MARC view: Modern English in action, practice, level 12 /
Normal view MARC view ISBD view

Modern English in action, practice, level 12 / (Record no. 112931)

[ view plain ]
MARC details
000 -LEADER
fixed length control field 00537nam a2200181 a 4500
001 - CONTROL NUMBER
control field 2219
005 - DATE AND TIME OF LATEST TRANSACTION
control field 20140414131956.0
008 - FIXED-LENGTH DATA ELEMENTS--GENERAL INFORMATION
fixed length control field 001111s19uu xx 00 eng d
020 ## - INTERNATIONAL STANDARD BOOK NUMBER
International Standard Book Number 0-669-00772-2
050 ## - LIBRARY OF CONGRESS CALL NUMBER
Classification number TR 372.6
Item number H73 1978
100 ## - MAIN ENTRY--PERSONAL NAME
Personal name Holmes, Stewart W.
245 ## - TITLE STATEMENT
Title Modern English in action, practice, level 12 /
Statement of responsibility, etc stewart W. Holmes.
250 ## - EDITION STATEMENT
Edition statement Teacher's edition
260 ## - PUBLICATION, DISTRIBUTION, ETC. (IMPRINT)
Place of publication, distribution, etc Lexington, MA :
Name of publisher, distributor, etc D. C. Heath & Co,
Date of publication, distribution, etc 1978.
300 ## - PHYSICAL DESCRIPTION
Extent 171 p. ; cm.
650 ## - SUBJECT ADDED ENTRY--TOPICAL TERM
Topical term or geographic name as entry element English language
General subdivision Study and teaching.
Holdings
Withdrawn status Lost status Damaged status Home library Current library Shelving location Date acquired Source of acquisition Total Checkouts Full call number Barcode Date last seen Price effective from Koha item type
      Munich Library Munich Library Teachers Reference Section 05/26/2005     TR 372.6 H73 1978 M4352 04/14/2014 04/14/2014 Books

Modern English in action, practice, level 12 /

APA

Holmes S. W., . (1978). Modern English in action, practice, level 12. Lexington, MA: D. C. Heath & Co.

Chicago

Holmes Stewart W, . 1978. Modern English in action, practice, level 12. Lexington, MA: D. C. Heath & Co.

Harvard

Holmes S. W., . (1978). Modern English in action, practice, level 12. Lexington, MA: D. C. Heath & Co.

MLA

Holmes Stewart W, . Modern English in action, practice, level 12. Lexington, MA: D. C. Heath & Co. 1978.

  • Place hold
  • Print
  • Cite
  • Add to your cart (remove)
  • Save record
    BIBTEX Dublin Core MARCXML MARC (non-Unicode/MARC-8) MARC (Unicode/UTF-8) MARC (Unicode/UTF-8, Standard) MODS (XML) RIS
  • More searches
    Search for this title in:
    Other Libraries (WorldCat) Other Databases (Google Scholar) Online Stores (Bookfinder.com) Open Library (openlibrary.org)

Exporting to Dublin Core...

SOUTHVILLE LIBRARY

Southville International School and Colleges Library

1281 Tropical Ave. Cor. Luxembourg St., BF Homes International, Las Pinas City

Tel. No. 8256374 / 252358 Loc. 117/146

Powered by Koha